000 00419nam a2200169Ia 4500
008 230524s9999 xx 000 0 und d
082 _a5.74
_bMAN
100 _aM.Morris Mano
245 0 _aLogic and Computer Design Fundamentals
250 _a1ST
260 _aNEW DELHI
_bPearson
_c2001
300 _aXVI;650
500 _aQuantity Number: 3
650 _aElectronics
700 _a Charles R.Kime
942 _cBK
999 _c15616
_d15616